Đề xuất mô hình chuyển đổi cây trồng hiệu quả trên nền đất lúa 2 và 3 vụ tại huyện Tịnh Biên tỉnh An Giang : Luận văn tốt nghiệp Cao học. Chuyên ngành Kinh tế nông nghiệp
Nghiên cứu nhằm đưa ra định hướng chuyển dịch cơ cấu cây trồng hiệu quả, sử dụng hợp lý nguồn tài nguyên nông nghiệp của huyện, đảm bảo phát triển nông nghiệp một cách bền vững.
保存先:
| 第一著者: | |
|---|---|
| フォーマット: | 図書 |
| 言語: | Undetermined |
| 出版事項: |
Cần Thơ
Trường Đại học Cần Thơ
2019
|
| 主題: | |
| タグ: |
タグ追加
タグなし, このレコードへの初めてのタグを付けませんか!
|
| Thư viện lưu trữ: | Trung tâm Học liệu Trường Đại học Cần Thơ |
|---|
| LEADER | 01248nam a2200229Ia 4500 | ||
|---|---|---|---|
| 001 | CTU_231893 | ||
| 008 | 210402s9999 xx 000 0 und d | ||
| 082 | |a 338.16 | ||
| 082 | |b Ph513 | ||
| 088 | |a 8620115 | ||
| 100 | |a Trần, Thị Yến Phụng | ||
| 245 | 0 | |a Đề xuất mô hình chuyển đổi cây trồng hiệu quả trên nền đất lúa 2 và 3 vụ tại huyện Tịnh Biên tỉnh An Giang : | |
| 245 | 0 | |b Luận văn tốt nghiệp Cao học. Chuyên ngành Kinh tế nông nghiệp | |
| 245 | 0 | |c Trần Thị Yến Phụng ; Nguyễn Hữu Đặng (Cán bộ hướng dẫn) | |
| 260 | |a Cần Thơ | ||
| 260 | |b Trường Đại học Cần Thơ | ||
| 260 | |c 2019 | ||
| 520 | |a Nghiên cứu nhằm đưa ra định hướng chuyển dịch cơ cấu cây trồng hiệu quả, sử dụng hợp lý nguồn tài nguyên nông nghiệp của huyện, đảm bảo phát triển nông nghiệp một cách bền vững. | ||
| 650 | |a Agriculture,Nông nghiệp | ||
| 650 | |x Economic aspects,Khía cạnh kinh tế | ||
| 910 | |b nthai | ||
| 980 | |a Trung tâm Học liệu Trường Đại học Cần Thơ | ||